El universo de Kafka
Gespeichert in:
| 1. Verfasser: | |
|---|---|
| Format: | Buch |
| Sprache: | Spanisch |
| Veröffentlicht: |
Buenos Aires
Argos
1950
|
| Schriftenreihe: | Biblioteca Argos
|
| Schlagworte: | |
| Tags: |
Tag hinzufügen
Keine Tags, Fügen Sie den ersten Tag hinzu!
|
MARC
| LEADER | 00000nam a2200000 a 4500 | ||
|---|---|---|---|
| 001 | UCM4721 | ||
| 003 | CL-VaPUC | ||
| 005 | 20201211135509.0 | ||
| 008 | 020830e19500000AG |||||||||||||||||spa|d | ||
| 999 | |c 301236 |d 301234 | ||
| 040 | |c Pontificia Universidad Católica de Valparaíso | ||
| 082 | 0 | 4 | |a 891.8609 |b LAN |2 21 |
| 100 | |a Lancelotti, Mario A |e author |9 471141 | ||
| 245 | 1 | 3 | |a El universo de Kafka |
| 260 | |a Buenos Aires |b Argos |c 1950 | ||
| 300 | |a 189 p | ||
| 490 | 0 | |a Biblioteca Argos | |
| 583 | |a last modification |c 20020830 00:00:00 |k Rodrigo Vera | ||
| 600 | |a Kafka, Franz |d 1883-1924 |9 858642 | ||
| 650 | 7 | |a LITERATURA CHECOESLOVACA |2 CL-VaPUC |9 348950 | |
| 650 | 0 | |a Crítica e interpretación |9 255042 | |
| 852 | |a BIBCUR | ||
| 942 | |c BK |2 ddc | ||
| 945 | |d 20020830 00:00:00 |a cmena | ||
| 952 | |0 0 |1 0 |4 0 |6 891_860900000000000_LAN_1950 |7 0 |8 A |9 360017 |a BIBART |b BIBART |d 2019-11-21 |i 382148K |o 891.8609 LAN 1950 |p 382148K |r 2025-03-13 |w 2019-11-21 |y BK |k ART | ||